000 00728nam a22002537a 4500
008 131103b xxu||||| |||| 00| 0 eng d
020 _a981-4057-04-5
024 _cAvailable
037 _cAvailable
040 _aMBSTU LIBRARY
_dMBSTU LIBRARY
082 _222
_a150 BAA
100 _aBarlow.
245 _aAbnormal psychology : the problem of maladaptive behaviour.
250 _a2nd
260 _aNew York
_bCole Publishing.
_c1999
300 _a28 cm.
_b508 page
_f1
_g28 cm.
600 _2Psychology.
650 _2Psychology.
700 _aBarlow.
270 _aNew York
_bNew York
_dUSA
365 _b3118.00
_d3118.00
942 _2ddc
_cBK
999 _c771
_d771